01670nam a2200385 a 4500001001000000003000500010005001700015008004100032010001100073011001100084040000900095090001000104100003900114245021700153260004100370500006000411502007500471590003700546590004100583590004000624590004000664590004000704650004900744650003400793650003000827650003400857856001600891856007000907901000700977942001000984942000600994999001901000952013001019952013501149000114450CHAP20220329144441.0180130s2017 mx sm |||||||spa d a110911 a111883 cCHAP aTesis1 aCastillo Cabrera, Cristian913450910aEvaluación del efecto de aceite de soya, en ganancia de peso de tilapia (Oreachromis niloticus), con dieta de 32% de PC, enriquecida con quinoa (Chenopodium quinoa)h[En línea]cpor Cristian Castillo Cabrera. aChapingo, Méx. :bEl autor,c2017. aPara ver el contenido del material haga clic en la liga aTesis (Ing. Agr. Esp. en Zootecnia) -- UACH. Departamento de Zootecnia aBATCHb00c20181121lUCH01h0759 aE11695DGDb10c20180130lUCH01h1303 aE6339RRRb05c20180130lUCH01h1129 aE6339RRRb05c20180130lUCH01h1129 aE6339RRRb05c20180130lUCH01h113114aTilapiaxAlimentación y alimentos.912682514aTilapiaxCrecimiento.913300414aTilapiaxCultivo.913300314aTilapiaxRendimiento.9127267 a1 n0001394 aFinding aiduhttp://10.13.5.2/tesis/sist114450.pdfzTeclea aquí aBK cLIBRO n0 c110911d110911 00102local4051708TESISaBCbBCcPA_TESISd2018-01-30fTESISl0oTesisp114451-10r2019-12-31 00:00:00w2019-12-31yTESIS 00102local4053708TESISaBCbBCcPA_TESISd2018-01-30fLIBROl0oTesisp114451-20r2019-12-31 00:00:00tc.2w2019-12-31yTESIS